Wsie graniczące z gminą Drzewica. - Statystyki

Ogólne statystyki
  • Ten quiz został rozwiązany 10 razy
  • Średni wynik to 12 z 23
Statystyki odpowiedzi
Gmina Wieś % Poprawnych
Odrzywół Ossa
100%
Poświętne Brudzewice
80%
Odrzywół Kolonia Ossa
80%
Rusinów Nieznamierowice
80%
Gielniów Bieliny
60%
Poświętne Buczek
60%
Poświętne Dęba
60%
Gielniów Gielniów
60%
Odrzywół Kamienna Wola
60%
Odrzywół Kłonna
60%
Odrzywół Kłonna Kolonia
60%
Poświętne Studzianna
60%
Odrzywół Walerianów
60%
Rusinów Wola Gałecka
60%
Gielniów Antoniów
40%
Opoczno Międzybórz
40%
Opoczno Zameczek
40%
Rusinów Zychorzyn
40%
Opoczno Libiszów
20%
Opoczno Sołek
20%
Opoczno Wólka Karwicka
20%
Opoczno Wólka Karwicka Kolonia
20%
Opoczno Wygnanów
20%
Nie znaleziono quizów pasujących do podanych kryteriów
Rozkład punktacji
Procent ludzi z każdym wynikiem
Percentyl według liczby udzielonych odpowiedzi
Twoja historia wyników
Nie rozwiązałeś tego quizu